Historical biogeography of neotropical freshwater fishes (Registro nro. 7303)
[ vista simple ]
| 000 -CABECERA | |
|---|---|
| Campo de control | 00910nam a22002537a 4500 |
| 005 - FECHA Y HORA DE LA ULTIMA TRANSACCION | |
| Campo de control | 20170322020002.0 |
| 008 - ELEMENTOS DE LONGITUD FIJA—INFORMACION GENERAL | |
| Campo de control | 130605b engil. | |||| 00| 0 eng d |
| 020 ## - ISBN | |
| ISBN | 0-520-26868-5 |
| 040 ## - FUENTE DE CATALOGACIÓN | |
| Agencia transcriptora | Instituto Humboldt |
| 082 ## - NUMERO DE CLASIFICACION DECIMAL DEWEY | |
| Número de clasificación | 597.176098 |
| Número del ítem | A333h |
| 100 1# - ASIENTO PRINCIPAL--NOMBRE PERSONAL | |
| Nombre personal | Albert, James S. |
| 245 10 - MENCION DE TITULO | |
| Título | Historical biogeography of neotropical freshwater fishes |
| Mención de responsabilidad | Editado por James S. Albert, Roberto E. Reis |
| 250 ## - MENCION DE EDICION | |
| Resto de la mención de edición | s, |
| 260 ## - PUBLICACION, DISTRIBUCION, ETC. (PIE DE IMPRENTA) | |
| Lugar de publicación, distribución, etc. | Berkeley: |
| Nombre del editor, distribuidor, etc. | University of California Pres, |
| Fecha de publicación, distribución, etc. | c2011 |
| 300 ## - DESCRIPCION FISICA | |
| Extensión | xv, 388 p.: il., mapas; |
| Dimensiones | 29 cm. |
| 504 ## - NOTA DE BIBLIOGRAFIA, ETC. | |
| Nota de bibliografía | Incluye referencias bibliográficas (319-366 p) e índice. |
| 650 ## - ASIENTO SECUNDARIO DE MATERIA - TERMINO TEMATICO | |
| Término temático o nombre geográfico como elemento de entrada | Fheswater fishes |
| Subdivisión general | Geografical distribution |
| Subdivisión geográfica | Latin America |
| 650 ## - ASIENTO SECUNDARIO DE MATERIA - TERMINO TEMATICO | |
| Término temático o nombre geográfico como elemento de entrada | Fishes |
| Subdivisión general | Geografical distribution |
| Subdivisión geográfica | Tropics |
| 650 ## - ASIENTO SECUNDARIO DE MATERIA - TERMINO TEMATICO | |
| Término temático o nombre geográfico como elemento de entrada | Historical geology |
| Subdivisión geográfica | Latin America |
| 700 ## - ASIENTO SECUNDARIO - NOMBRE PERSONAL | |
| Nombre personal | Reis, Roberto S |
| 942 ## - ELEMENTOS ADICIONALES (KOHA) | |
| Sistema de clasificación | Dewey Decimal Classification |
| Tipo de ítem | |
| Koha issues (borrowed), all copies | 6 |
| Withdrawn status | Lost status | Sistema de Clasificación | Damaged status | No para préstamo | Colección | Inventariado | Ubicación Permanente | Ubicación actual | Fecha de adquisición | Fuente de Valor | Valor | Total Checkouts | Total Renewals | Número topográfico | Inventario / Código de Barras | Date last seen | Date checked out | Ejemplar | Price effective from | Forma de adquisición | Tipo de material |
|---|---|---|---|---|---|---|---|---|---|---|---|---|---|---|---|---|---|---|---|---|---|
| Dewey Decimal Classification | General | Inventariado 2017 | Bogotá | Bogotá | 05/06/2013 | Instituto | 39000.00 | 11 | 2 | LB 597.1760 A333h | 029652 | 19/05/2023 | 02/02/2022 | Ej. 1 | 05/06/2013 | Libro | |||||
| Dewey Decimal Classification | General | Inventariado 2017 | Sala Fabio Quevedo | Sala Fabio Quevedo | 21/06/2013 | Instituto | 39000.00 | LB 597.1760 A333h | 028758 | 21/06/2013 | Ej. 2 | 21/06/2013 | Libro |